[Event "1.CLZ 10/11,Praha Kobylisy-Holdia DP Praha B"]
[Site "?"]
[Round "4.6"]
[Annotator ""]
[Source ""]
[Remark ""]

1.e4 e6 2.d4 d5 3.Nd2 Be7 4.Bd3 c5 5.c3 Nc6 6.Ne2 cxd4 7.cxd4
dxe4 8.Nxe4 e5 9.O-O Nf6 10.Be3 O-O 11.Nxf6+ Bxf6 12.d5 Nd4 13.Nc3
Bf5 14.Re1 Bg6 15.Bxg6 hxg6 16.Qd3 Re8 17.Rad1 Qd7 18.Qe4 Rad8
19.d6 Re6 20.Rd2 Rxd6 21.Red1 a6 22.Kf1 Qc7 23.g4 Qc4+ 24.Kg2
g5 25.Qxb7 Rc6 26.Ne4 Qe6 27.f3 Rb6 28.Nxf6+ gxf6 29.Qe4 Qxa2
30.b4 Qe6 31.h4 Re8 32.Rh1 f5 33.gxf5 Nxf5 34.Bxb6 Nxh4+ 35.Rxh4
gxh4 36.Qg4+ Qxg4+ 37.fxg4 Rb8 38.Rd8+ 1-0

[White "Jancarik, Joel"]
[Black "Adamek, Zdenek"]
[WhiteElo "2205"]
[BlackElo "2252"]
[Result "1-0"]
[Date "2010.11.28"]

[Event "1.CLZ 10/11,Praha Kobylisy-Holdia DP Praha B"]
[Site "?"]
[Round "4.7"]
[Annotator ""]
[Source ""]
[Remark ""]

1.e4 c5 2.Nf3 Nc6 3.d4 cxd4 4.Nxd4 Nf6 5.Nc3 e5 6.Ndb5 d6 7.Bg5
a6 8.Na3 b5 9.Nd5 Be7 10.Bxf6 Bxf6 11.c3 O-O 12.Nc2 Rb8 13.h4
Be7 14.Nce3 g6 15.h5 Bg5 16.Qf3 Be6 17.Rd1 Kg7 18.Bd3 h6 19.Bc2
b4 20.Ba4 Ne7 21.Bb3 bxc3 22.bxc3 a5 23.O-O Qd7 24.Nxe7 Bxe7
25.Bxe6 Qxe6 26.Qe2 Rb7 27.Rb1 Rfb8 28.Rxb7 Rxb7 29.Nd5 Bd8 30.hxg6
fxg6 31.Qc2 h5 32.Rb1 Rf7 33.Qe2 Bh4 34.g3 Bd8 35.Kg2 h4 36.Rh1
hxg3 37.Qe3 g5 38.Qxg3 Kg8 39.Ne3 Kf8 40.Rh8+ Kg7 41.Rxd8 1-0

[White "Bednar, Marcel"]
[Black "Janda, Jiri"]
[WhiteElo "2199"]
[BlackElo "2221"]
[Result "1/2-1/2"]
[Date "2010.11.28"]

[Event "1.CLZ 10/11,Praha Kobylisy-Holdia DP Praha B"]
[Site "?"]
[Round "4.8"]
[Annotator ""]
[Source ""]
[Remark ""]

1.d4 Nf6 2.c4 c5 3.d5 e6 4.Nc3 exd5 5.cxd5 Bd6 6.g3 O-O 7.Nf3
Re8 8.Nd2 Bf8 9.Bg2 d6 10.O-O Na6 11.Nc4 Nc7 12.a4 b6 13.Qb3
Ba6 14.Bg5 h6 15.Bxf6 Qxf6 16.e4 Bxc4 17.Qxc4 a6 18.Ra3 b5 19.axb5
axb5 20.Nxb5 Nxb5 21.Rxa8 Rxa8 22.Qxb5 Qd4 23.Qb3 g6 24.Rb1 Ra4
25.h4 Rb4 26.Qc2 Bg7 27.b3 1/2-1/2

[White "Neuman, Petr"]
[Black "Hinks-Edwards, Thomas"]
[WhiteElo "2471"]
[BlackElo "2383"]
[Result "1/2-1/2"]
[Date "2010.12.12"]

[Event "1.CLZ 10/11,Kozolupy-Praha Kobylisy"]
[Site "?"]
[Round "5.1"]
[Annotator ""]
[Source ""]
[Remark ""]

1.e4 g6 2.d4 Bg7 3.Nc3 d6 4.h3 c6 5.a4 Nf6 6.g4 h6 7.Nge2 Nbd7
8.Bg2 e5 9.Be3 Qe7 10.O-O O-O 11.Qd2 Kh7 12.f4 b6 13.Rad1 exf4
14.Nxf4 Bb7 15.Rfe1 Rad8 16.Bf2 Rfe8 17.Nd3 Ng8 18.Na2 c5 19.c3
Nf8 20.Re2 Ne6 21.Nf4 Nxf4 22.Qxf4 Nf6 23.Rde1 Nd7 24.Nc1 Nf8 1/2-1/2

[White "Simek, Petr"]
[Black "Michalek, Jan"]
[WhiteElo "2302"]
[BlackElo "2335"]
[Result "1/2-1/2"]
[Date "2010.12.12"]

[Event "1.CLZ 10/11,Kozolupy-Praha Kobylisy"]
[Site "?"]
[Round "5.2"]
[Annotator ""]
[Source ""]
[Remark ""]

1.e4 g6 2.d4 Bg7 3.Nc3 d6 4.Be3 a6 5.Qd2 Nd7 6.f3 b5 7.Nh3 c5
8.d5 Ne5 9.Nf2 Rb8 10.Be2 f5 11.O-O Nf6 12.Bh6 O-O 13.Bxg7 Kxg7
14.f4 Nf7 15.Bf3 b4 16.Ncd1 e5 17.dxe6 Bxe6 18.Ne3 Qd7 19.Rad1
Rbd8 20.Kh1 Nh6 21.h3 fxe4 22.Nxe4 Nxe4 23.Bxe4 Nf5 24.Nxf5+
Bxf5 25.Bd5 Rfe8 26.Rfe1 Rxe1+ 27.Rxe1 Re8 28.c3 a5 29.cxb4 axb4
30.a3 Rxe1+ 31.Qxe1 Bxh3 32.axb4 cxb4 33.Qxb4 Be6 34.Qc3+ Kf7
35.Bf3 Kg8 36.b4 Qd8 37.g3 Qb6 38.Kg2 Qa6 39.Qc6 Qa2+ 40.Kg1
Bc4 41.Qa8+ Qxa8 42.Bxa8 Kf7 43.Kf2 Ke6 44.Ke3 d5 45.Bc6 Kd6
46.Be8 Ke7 47.Ba4 Ba2 48.Kd4 Kd6 49.Bd1 Bc4 50.Bf3 h6 51.g4 Kc6
52.f5 gxf5 53.gxf5 Kd6 54.Bh5 Ba6 55.Bf7 Ke7 56.Bxd5 Kf6 57.Be6
h5 58.Ke4 h4 59.Kf4 h3 60.Kg3 Bd3 1/2-1/2

[White "Turner, Jan"]
[Black "Forman, Stepan"]
[WhiteElo "2361"]
[BlackElo "2343"]
[Result "1-0"]
[Date "2010.12.12"]

[Event "1.CLZ 10/11,Kozolupy-Praha Kobylisy"]
[Site "?"]
[Round "5.3"]
[Annotator ""]
[Source ""]
[Remark ""]

1.b3 f5 2.Bb2 Nf6 3.g3 g6 4.Bxf6 exf6 5.Bg2 d5 6.d4 Nc6 7.e3
Be6 8.c4 Bb4+ 9.Ke2 Bf7 10.c5 Qe7 11.a3 Bxc5 12.dxc5 O-O-O 13.Nd2
d4 14.Ngf3 Rhe8 15.Re1 dxe3 16.Kf1 Qxc5 17.fxe3 Rxe3 18.Rxe3
Qxe3 19.Qc2 Bd5 20.Re1 Qb6 21.Nc4 Qa6 22.Qe2 Be4 23.Rd1 Rxd1+
24.Qxd1 b5 25.Nb2 Qxa3 26.Nd3 Qd6 27.Nf2 Bd5 28.Qa1 a6 29.Nd2
Bxg2+ 30.Kxg2 { partiare obou hracu necitelne, zaznam partie nemozny} 1-0

[White "Schula, Michal"]
[Black "Cesal, Jaroslav"]
[WhiteElo "2300"]
[BlackElo "2258"]
[Result "1-0"]
[Date "2010.12.12"]

[Event "1.CLZ 10/11,Kozolupy-Praha Kobylisy"]
[Site "?"]
[Round "5.4"]
[Annotator ""]
[Source ""]
[Remark ""]

1.e4 g6 2.d4 Bg7 3.Nf3 d6 4.h3 c5 5.dxc5 Qa5+ 6.c3 Qxc5 7.Be3
Qc7 8.Qd2 Nf6 9.Bd3 O-O 10.c4 Nc6 11.Nc3 Nb4 12.Rc1 Be6 13.b3
Nxd3+ 14.Qxd3 Nd7 15.Nd4 Nc5 16.Qd2 Bd7 17.O-O f5 18.exf5 gxf5
19.f4 a6 20.b4 Ne6 21.Nd5 Qd8 22.Nxe6 Bxe6 23.Bd4 Bxd5 24.cxd5
Qd7 25.Rf3 Rac8 26.Rg3 Rf7 27.Rxc8+ Qxc8 28.Qb2 Qf8 29.Qc3 b5
30.Kh2 Kh8 31.Rxg7 Rxg7 32.Bxg7+ Qxg7 33.Qc8+ Qg8 34.Qxf5 Qa8
35.h4 Kg7 36.Qg5+ Kf7 37.Qf5+ Kg8 38.Qe6+ Kf8 39.f5 Qd8 40.a3
Qc7 41.f6 exf6 42.Qxf6+ Kg8 43.h5 Qd7 44.h6 Qf7 45.Qd8+ Qf8 46.Qxf8+
Kxf8 47.Kg3 Kf7 48.Kf4 Kf6 49.g4 Kf7 50.Kf5 1-0

[White "Folk, Petr"]
[Black "Kopta, Pavel"]
[WhiteElo "2242"]
[BlackElo "2287"]
[Result "1/2-1/2"]
[Date "2010.12.12"]

[Event "1.CLZ 10/11,Kozolupy-Praha Kobylisy"]
[Site "?"]
[Round "5.5"]
[Annotator ""]
[Source ""]
[Remark ""]

1.e4 c5 2.Nf3 d6 3.d4 cxd4 4.Nxd4 Nf6 5.Nc3 g6 6.Be3 Bg7 7.f3
Nc6 8.Qd2 O-O 9.O-O-O d5 10.Kb1 Nxd4 11.e5 Nf5 12.exf6 exf6 13.Bc5
d4 14.Bxf8 Qxf8 15.Nb5 Bh6 16.f4 Be6 17.Nc7 Rd8 18.Nxe6 fxe6
19.Bc4 Ne3 20.Bxe6+ Kh8 21.Rde1 Bxf4 22.g3 Be5 23.c3 Nf5 24.Rd1
Ne3 25.Rde1 Nf5 26.Rd1 Ne3 27.Rde1 1/2-1/2

[White "Dvorak, Jan"]
[Black "Vachal, Josef"]
[WhiteElo "2175"]
[BlackElo "2187"]
[Result "0-1"]
[Date "2010.12.12"]

[Event "1.CLZ 10/11,Kozolupy-Praha Kobylisy"]
[Site "?"]
[Round "5.6"]
[Annotator ""]
[Source ""]
[Remark ""]

1.d4 Nf6 2.c4 e6 3.Nc3 d5 4.cxd5 exd5 5.Bg5 Be7 6.e3 O-O 7.Bd3
c6 8.Qc2 Nbd7 9.Nge2 Re8 10.g4 Nf8 11.h3 b5 12.Bf4 Qa5 13.O-O-O
b4 14.Na4 c5 15.Nxc5 Qxa2 16.Qa4 Qxa4 17.Nxa4 Bd7 18.b3 Ne6 19.Kb2
Ne4 20.Rh2 Nxf4 21.Nxf4 Bxa4 22.bxa4 Bd6 23.Rg2 Bxf4 24.exf4
Nc3 25.Rd2 a5 26.Bc2 Re1 27.f5 Rae8 28.g5 Kf8 29.h4 f6 30.h5
Rh1 31.h6 fxg5 32.hxg7+ Kxg7 33.f4 g4 34.Rxg4+ Kf6 35.Rdg2 Re2
36.Rxe2 Nxe2 37.Bb3 Rh2 38.Kb1 Nc3+ 39.Kc1 Kxf5 40.Rg7 Kxf4 41.Ra7
Ke3 42.Bc2 Ne2+ 43.Kb1 Nxd4 44.Bxh7 Nb3 45.Bg8 Nd2+ 46.Kc1 Kd4
47.Rg7 Ne4 48.Rb7 Nc3 49.Rd7 Kc4 50.Rc7+ Kb3 51.Rc5 Rc2# 0-1

[White "Pokrupa, Marek"]
[Black "Jancarik, Joel"]
[WhiteElo "2199"]
[BlackElo "2205"]
[Result "1-0"]
[Date "2010.12.12"]

[Event "1.CLZ 10/11,Kozolupy-Praha Kobylisy"]
[Site "?"]
[Round "5.7"]
[Annotator ""]
[Source ""]
[Remark ""]

1.g3 Nf6 2.Bg2 g6 3.e4 e5 4.d4 exd4 5.e5 Qe7 6.Nf3 d5 7.O-O Ne4
8.c4 c6 9.cxd5 cxd5 10.Qxd4 Be6 11.Nc3 Nc6 12.Qd3 Nc5 13.Qd1
Qd7 14.Bg5 Bg7 15.Qe2 O-O 16.Bf6 Bxf6 17.exf6 Rad8 18.Qe3 1-0

[White "Janda, Jiri"]
[Black "Turner, Radek"]
[WhiteElo "2221"]
[BlackElo "2168"]
[Result "1-0"]
[Date "2010.12.12"]

[Event "1.CLZ 10/11,Kozolupy-Praha Kobylisy"]
[Site "?"]
[Round "5.8"]
[Annotator ""]
[Source ""]
[Remark ""]

1.e4 e6 2.d4 d5 3.Nc3 Bb4 4.e5 c5 5.Bd2 Nc6 6.Nb5 Bxd2+ 7.Qxd2
cxd4 8.f4 Nge7 9.Nd6+ Kf8 10.Nf3 f6 11.O-O-O Qa5 12.Qxa5 Nxa5
13.Nxd4 fxe5 14.fxe5 Nec6 15.Bb5 Nd8 16.Nxc8 Rxc8 17.Bd7 Rb8
18.Nxe6+ Ke7 19.Nf4 Kxd7 20.Rxd5+ Ke7 21.Rxa5 Nc6 22.Ra3 Rhf8
23.Nd3 a6 24.Rc3 Rf5 25.Re1 Rc8 26.b4 Rd8 27.Rc5 Rd4 28.b5 axb5
29.Rxb5 Nd8 30.Kb2 Rd7 31.a4 Ne6 32.a5 Rf8 33.Nb4 Rf2 34.Nd5+
Ke8 35.Ne3 Rc7 36.Rb4 Nc5 37.Rd4 Ne6 38.Rd6 Kf7 39.Red1 Nc5 40.R6d4
Re2 41.Rf4+ Ke8 42.Rf3 Re7 43.Rd5 Nd7 44.Nf5 R7xe5 45.Rxe5+ Rxe5
46.Nd6+ Ke7 47.Nxb7 Rb5+ 48.Rb3 Rf5 49.a6 1-0

[White "Hinks-Edwards, Thomas"]
[Black "Bernasek, Jan"]
[WhiteElo "2383"]
[BlackElo "2490"]
[Result "1/2-1/2"]
[Date "2011.01.16"]

[Event "1.CLZ 10/11,Praha Kobylisy-Postovni sporitelna"]
[Site "?"]
[Round "6.1"]
[Annotator ""]
[Source ""]
[Remark ""]

1.e4 c5 2.d3 e6 3.g3 Nc6 4.Bg2 g6 5.f4 d6 6.Nf3 Bg7 7.O-O Nge7
8.c3 O-O 9.Be3 f5 10.Na3 Rb8 11.Nc2 b5 12.exf5 gxf5 13.d4 c4
14.Qe2 Nd5 15.Bd2 Nf6 16.Ng5 Qb6 17.Kh1 d5 18.Nf3 Ne4 19.Ne5
Nxe5 20.fxe5 Nxd2 21.Qxd2 Bd7 22.a3 a5 23.Bh3 Be8 24.g4 fxg4
25.Rxf8+ Kxf8 26.Qf4+ Kg8 27.Qxg4 Bf7 28.Ne3 Re8 29.Ng2 Bg6 30.Nf4
Be4+ 31.Kg1 Kh8 32.Bg2 Bf5 33.Qh5 Rg8 34.Kh1 Rf8 35.Rf1 Qd8 36.Bh3
Bxh3 37.Qxh3 Qe8 38.Kg2 Rf5 39.Qg4 Qf7 40.Rf3 Bh6 41.Ne2 Rxf3
42.Qxf3 Kg8 43.Qg4+ Qg7 44.Kf3 Qxg4+ 45.Kxg4 Bd2 46.Kf3 Kf7 47.Kg4
Ke7 48.Kg3 Kd7 49.Kf3 Kc6 50.h4 Kb6 51.Kf2 Kb7 52.Kf3 Kc6 53.Kf2
Kc7 54.Kf3 Be1 55.Kg4 Bd2 56.Kf3 Kd7 57.Kg4 Be1 58.Nf4 Ke7 59.Ne2
Kf7 60.Nf4 b4 61.axb4 axb4 62.cxb4 Bxb4 63.Kf3 Bd2 64.Ne2 Ke7
65.Nc3 Be1 66.h5 Bd2 67.Kf2 Kd7 68.Ke2 Bg5 69.Kd1 Be3 70.Ne2
Kc6 71.Kc2 Kb5 72.Kc3 Ka4 73.Ng3 Bg5 74.Ne2 Bh6 75.Ng3 Bf8 76.Ne2
Bh6 77.Ng3 Bf4 78.Ne2 Be3 79.Ng3 Kb5 80.Ne2 Bg5 81.b3 cxb3 82.Kxb3
Be3 83.Nc3+ Kc6 84.Ne2 Kd7 85.Kb4 Kc6 86.Kb3 Kd7 87.Kb4 Kc6 1/2-1/2

[White "Vavra, Pavel"]
[Black "Simek, Petr"]
[WhiteElo "2351"]
[BlackElo "2302"]
[Result "1/2-1/2"]
[Date "2011.01.16"]

[Event "1.CLZ 10/11,Praha Kobylisy-Postovni sporitelna"]
[Site "?"]
[Round "6.2"]
[Annotator ""]
[Source ""]
[Remark ""]

1.d4 Nf6 2.Bg5 e6 3.e3 c5 4.Nd2 Nc6 5.c3 cxd4 6.exd4 Be7 7.Bd3
b6 8.Ngf3 Bb7 9.Qe2 Rc8 10.Bxf6 Bxf6 11.d5 Na5 12.Ne4 O-O 13.Nd6
exd5 14.O-O Rc6 15.Nxb7 Nxb7 16.Rad1 Rd6 17.Rfe1 g6 18.Qd2 Bg7
19.Ba6 Qc7 20.Qf4 Nc5 21.Rxd5 Rc6 22.Qc4 Re6 23.Red1 d6 24.Bb5
Qe7 25.Qf1 Rd8 26.Bc4 h6 27.Nd4 Bxd4 28.R5xd4 Re5 29.f4 Re3 30.f5
g5 31.h3 Ne4 32.R4d3 Ng3 33.Qf2 Ne2+ 34.Kh1 Rxd3 35.Rxd3 Nf4
36.Re3 Qd7 37.Qc2 d5 38.Bf1 Re8 39.Rxe8+ Qxe8 40.Qf2 Qe4 41.Kh2
Qe5 42.g3 Nh5 43.Bd3 Kf8 44.Kg2 Qd6 45.Qe3 Nf6 46.h4 Ng4 47.Qd4
Ne5 48.hxg5 hxg5 49.Be4 Nc4 50.Bf3 Nxb2 51.Bxd5 Na4 52.c4 Nc5
53.f6 Nd7 54.Qg4 Nxf6 55.Qxg5 Nxd5 56.cxd5 b5 57.Qf5 a6 58.g4
Kg7 59.g5 a5 60.Qe4 b4 61.Kf3 a4 62.Kg4 Qd7+ 63.Kf4 Qd6+ 64.Kg4
Qd7+ 65.Kf4 Qc7+ 66.Kg4 Qc8+ 67.Kh4 Qh8+ 68.Kg4 Qc8+ 69.Kh4 Qh8+
70.Kg4 1/2-1/2

[White "Forman, Stepan"]
[Black "Studnicka, Tomas"]
[WhiteElo "2343"]
[BlackElo "2348"]
[Result "1-0"]
[Date "2011.01.16"]

[Event "1.CLZ 10/11,Praha Kobylisy-Postovni sporitelna"]
[Site "?"]
[Round "6.3"]
[Annotator ""]
[Source ""]
[Remark ""]

1.Nf3 Nf6 2.d4 g6 3.g3 Bg7 4.Bg2 c5 5.c3 Qb6 6.O-O d5 7.dxc5
Qxc5 8.Be3 Qa5 9.Nbd2 O-O 10.Nb3 Qc7 11.Bf4 Qb6 12.Ne5 Nc6 13.a4
a5 14.Nd4 Nh5 15.Nexc6 bxc6 16.Be3 Qc7 17.b4 axb4 18.cxb4 Bb7
19.Rc1 Qd7 20.Nb3 Qd6 21.Bc5 Qd7 22.Na5 Nf6 23.e4 Rfd8 24.e5
Ne8 25.e6 fxe6 26.Bh3 Bf6 27.Re1 Ng7 28.Qe2 Kf7 29.Nxb7 Qxb7
30.Bxe6+ Kf8 31.Qf3 Ne8 32.g4 h6 33.h4 g5 34.hxg5 hxg5 35.Re5
Rd6 36.Bxd6 exd6 37.Rxg5 Ke7 38.Rg6 Kxe6 39.g5 Qh7 40.Re1+ Kf7
41.Rxf6+ Nxf6 42.Qxf6+ Kg8 43.Re7 Rf8 44.Qxf8+ 1-0

[White "Kovar, Vojtech"]
[Black "Schula, Michal"]
[WhiteElo "2343"]
[BlackElo "2300"]
[Result "1-0"]
[Date "2011.01.16"]

[Event "1.CLZ 10/11,Praha Kobylisy-Postovni sporitelna"]
[Site "?"]
[Round "6.4"]
[Annotator ""]
[Source ""]
[Remark ""]

1.d4 f5 2.g3 Nf6 3.Bg2 g6 4.Nf3 Bg7 5.O-O d6 6.c4 O-O 7.Nc3 Qe8
8.Nd5 Nxd5 9.cxd5 Nd7 10.Qc2 Nb6 11.Qxc7 Nxd5 12.Qc4 e6 13.Bf4
b5 14.Qb3 Qd7 15.a4 bxa4 16.Rxa4 Nxf4 17.gxf4 Bb7 18.Ng5 Bxg2
19.Kxg2 Rfb8 20.Qxe6+ Qxe6 21.Nxe6 Rxb2 22.e3 Rb7 23.Ra6 Bf6
24.Rxd6 a5 25.Nc5 Rf7 26.Ra1 Be7 27.Ra6 Rxa6 28.Nxa6 Bd8 29.Nb8
Rf6 30.Nd7 Ra6 31.Nc5 Ra7 32.Ra4 Kf7 33.Kf3 Bb6 34.Nd3 Ke6 35.Ke2
Kd5 36.Ne5 Bc7 37.Kd3 Rb7 38.Rc4 Bd6 39.f3 Rb3+ 40.Rc3 Rxc3+
41.Kxc3 Be7 42.Nd3 h6 43.Nb2 Bd8 44.Kd3 Bc7 45.h3 Ke6 46.Kc4
g5 47.fxg5 hxg5 48.Kb5 Kd5 49.Na4 Bd8 50.Nc3+ Kd6 51.Kc4 Kc6
52.Na4 Be7 53.Nc5 Bf6 54.e4 fxe4 55.fxe4 Be7 56.e5 Bxc5 57.dxc5
a4 58.e6 a3 59.Kb3 1-0

[White "Kopta, Pavel"]
[Black "Rehorek, Martin"]
[WhiteElo "2287"]
[BlackElo "2280"]
[Result "0-1"]
[Date "2011.01.16"]

[Event "1.CLZ 10/11,Praha Kobylisy-Postovni sporitelna"]
[Site "?"]
[Round "6.5"]
[Annotator ""]
[Source ""]
[Remark ""]

1.d4 Nf6 2.c4 e6 3.Nc3 Bb4 4.e3 O-O 5.Bd3 c5 6.a3 Bxc3+ 7.bxc3
b6 8.Ne2 Nc6 9.e4 Ne8 10.O-O d6 11.f4 f5 12.d5 Na5 13.dxe6 Bxe6
14.exf5 Bf7 15.Ng3 Nf6 16.Ne4 Nxe4 17.Bxe4 Rb8 18.Bd5 Nxc4 19.Qd3
b5 20.a4 a6 21.axb5 axb5 22.Ra7 Bxd5 23.Qxd5+ Kh8 24.Re1 Qf6
25.Qf3 Qxf5 26.Ree7 Rg8 27.Qg3 Qb1 28.Qe1 Qd3 29.h4 Nb6 30.Bb2
c4 31.Qe6 Nd5 32.Rf7 Ne3 33.Kh2 Qe2 34.Rxg7 Rxg7 35.Rxg7 Nf1+ 0-1

[White "Pokorny, Petr"]
[Black "Paulovic, Martin"]
[WhiteElo "2239"]
[BlackElo "2166"]
[Result "1-0"]
[Date "2011.01.16"]

[Event "1.CLZ 10/11,Praha Kobylisy-Postovni sporitelna"]
[Site "?"]
[Round "6.6"]
[Annotator ""]
[Source ""]
[Remark ""]

1.d4 f5 2.Nc3 g6 3.h4 Nf6 4.h5 Bg7 5.hxg6 hxg6 6.Rxh8+ Bxh8 7.Bg5
d6 8.Qd2 c6 9.O-O-O Kd7 10.f3 Nd5 11.e4 Nxc3 12.Qxc3 Qg8 13.Bc4
Qg7 14.Ne2 a5 15.Nf4 Qh7 16.Be6+ Kd8 17.Qb3 Na6 18.Qb6+ Nc7 19.Bc4
Bf6 20.Bxf6 exf6 21.Ne6+ Bxe6 22.Bxe6 fxe4 23.fxe4 Qh6+ 24.Kb1
Ke7 25.Bh3 Kd8 26.Qxb7 Qh5 27.Rh1 Qb5 28.Qxb5 Nxb5 29.c3 Ra7
30.Bg4 Re7 31.Rh8+ Re8 32.Rxe8+ Kxe8 33.Kc2 a4 34.a3 Nc7 35.Kd3
d5 36.Bd1 Ke7 37.Bxa4 Kd6 38.Bd1 Ne6 39.Bf3 dxe4+ 40.Bxe4 f5
41.Bf3 g5 42.g3 Nc7 43.a4 Na6 44.b4 1-0

[White "Jancarik, Joel"]
[Black "Kozak, Milos"]
[WhiteElo "2205"]
[BlackElo "2213"]
[Result "1/2-1/2"]
[Date "2011.01.16"]

[Event "1.CLZ 10/11,Praha Kobylisy-Postovni sporitelna"]
[Site "?"]
[Round "6.7"]
[Annotator ""]
[Source ""]
[Remark ""]

1.e4 e5 2.Nf3 Nc6 3.Bb5 a6 4.Ba4 Nf6 5.O-O Be7 6.Re1 b5 7.Bb3
d6 8.h3 O-O 9.c3 Na5 10.Bc2 c5 11.d4 Nd7 12.b3 exd4 13.cxd4 Nc6
14.Bb2 Nb4 15.Nc3 Nxc2 16.Qxc2 Bb7 17.dxc5 dxc5 18.Nd5 Bxd5 19.exd5
Bf6 20.Rad1 Rc8 21.Ne5 Bxe5 22.Bxe5 Nxe5 23.Rxe5 Qd6 24.Re4 Rfd8
25.a4 Re8 26.Rxe8+ Rxe8 27.axb5 axb5 28.Qd3 Rb8 1/2-1/2

[White "Kuba, Jindrich"]
[Black "Janda, Jiri"]
[WhiteElo "2209"]
[BlackElo "2221"]
[Result "1/2-1/2"]
[Date "2011.01.16"]

[Event "1.CLZ 10/11,Praha Kobylisy-Postovni sporitelna"]
[Site "?"]
[Round "6.8"]
[Annotator ""]
[Source ""]
[Remark ""]

1.e4 c5 2.c3 d6 3.d4 Qc7 4.Nf3 g6 5.Qb3 Bg7 6.Bc4 e6 7.O-O a6
8.Bf4 b5 9.Be2 e5 10.Bg3 Ne7 11.a4 bxa4 12.Qxa4+ Bd7 13.Qc2 cxd4
14.Bh4 h6 15.Bxe7 Kxe7 16.Qd2 Nc6 17.Rxa6 Rxa6 18.Bxa6 Qb6 19.Bc4
Rb8 20.b3 Na5 21.cxd4 Nxb3 22.Bxb3 Qxb3 23.Nc3 exd4 24.Nxd4 Qc4
25.Nd5+ Kf8 26.Qf4 Qc5 27.Nf3 g5 1/2-1/2

[White "Plat, Vojtech"]
[Black "Hinks-Edwards, Thomas"]
[WhiteElo "2409"]
[BlackElo "2383"]
[Result "1/2-1/2"]
[Date "2011.01.30"]

[Event "1.CLZ 10/11,Hradec Kralove-Praha Kobylisy"]
[Site "?"]
[Round "7.1"]
[Annotator ""]
[Source ""]
[Remark ""]

1.e4 g6 2.d4 Bg7 3.Nf3 d6 4.Nc3 Nf6 5.h3 O-O 6.Be3 Nc6 7.Qd2
e5 8.d5 Ne7 9.O-O-O a6 10.g4 b5 11.g5 Nh5 12.Bd3 b4 13.Ne2 a5
14.Ng3 Nf4 15.Bxf4 exf4 16.Qxf4 b3 17.cxb3 a4 18.Bc4 c6 19.dxc6
Nxc6 20.Rxd6 Qb6 21.e5 a3 22.Ne4 axb2+ 23.Kxb2 Bf5 24.Nd4 Rxa2+
25.Kxa2 Qa5+ 26.Kb2 Bxe4 27.Qxe4 Nxe5 28.Rd5 Qd2+ 29.Kb1 Nxc4
30.bxc4 Rb8+ 31.Rb5 Rxb5+ 32.cxb5 Bxd4 33.Qc2 Qb4+ 34.Kc1 Qxb5
35.h4 Bxf2 36.Qc8+ Kg7 37.Qc3+ Kg8 38.Rd1 Bc5 39.Rd8+ Bf8 40.Qd4
Qf1+ 41.Kd2 1/2-1/2

[White "Simek, Petr"]
[Black "Mozny, Milos"]
[WhiteElo "2302"]
[BlackElo "2379"]
[Result "0-1"]
[Date "2011.01.30"]

[Event "1.CLZ 10/11,Hradec Kralove-Praha Kobylisy"]
[Site "?"]
[Round "7.2"]
[Annotator ""]
[Source ""]
[Remark ""]

1.e4 c5 2.Nf3 d6 3.d4 cxd4 4.Nxd4 Nf6 5.Nc3 a6 6.Be3 e6 7.f3
Be7 8.Qd2 b5 9.g4 Bb7 10.O-O-O Nc6 11.h4 Rc8 12.Kb1 Nd7 13.g5
O-O 14.g6 hxg6 15.h5 g5 16.Nxc6 Bxc6 17.Rg1 Ne5 18.Qg2 f5 19.Ne2
Nxf3 20.Qxf3 Bxe4 21.Qxe4 fxe4 22.Nd4 Qe8 23.Bh3 e5 24.Be6+ Kh8
25.Nf5 Bf6 26.Bd5 Qd7 27.Bxe4 Rc4 28.Rxd6 Qc8 29.Bd3 e4 30.Bxc4
Qxf5 31.Be2 Qe5 32.Rd4 Qh2 33.Rd2 Qh3 34.Bc5 e3 35.Bg4 Qxg4 36.Rdd1
e2 37.Rde1 Rd8 0-1

[White "Nun, Jiri"]
[Black "Forman, Stepan"]
[WhiteElo "2356"]
[BlackElo "2343"]
[Result "1/2-1/2"]
[Date "2011.01.30"]

[Event "1.CLZ 10/11,Hradec Kralove-Praha Kobylisy"]
[Site "?"]
[Round "7.3"]
[Annotator ""]
[Source ""]
[Remark ""]

1.e4 c5 2.Nf3 e6 3.b3 Nc6 4.Bb5 d6 5.O-O Bd7 6.Bb2 Nf6 7.Re1
Be7 8.c3 a6 9.Bf1 O-O 10.d4 e5 11.Nbd2 Qc7 12.Nc4 Rfe8 13.Ne3
Bf8 14.Nd5 Qd8 15.Nxf6+ gxf6 16.Nh4 Bg7 17.dxc5 dxc5 18.Qh5 Ne7
19.Bc4 Rf8 20.Re3 b5 21.Bd5 Nxd5 22.exd5 f5 23.c4 f4 24.Ree1
f6 25.Nf5 Bxf5 26.Qxf5 Qc8 27.Qd3 Qd7 28.Rad1 Qd6 29.Qf5 Rf7
30.a4 Qd7 31.Qxd7 Rxd7 32.axb5 axb5 33.Ra1 Rb8 34.Bc3 bxc4 35.bxc4
Rb3 36.Bd2 Rb2 37.Red1 f5 38.Ra5 Rc7 39.Be1 Bf8 40.Bc3 Re2 41.Kf1
Re4 42.f3 Re3 43.Bb2 Kf7 44.Ra8 Rb7 45.Ba3 Bd6 46.Ra6 Ke7 47.Re1
Rc3 48.Ra4 Rc2 49.Re2 Rc3 50.Re1 Kd7 51.Re2 Rb1+ 52.Re1 Rb7 53.Re2
Rb1+ 54.Re1 Rb7 1/2-1/2

[White "Schula, Michal"]
[Black "Juptner, Jan"]
[WhiteElo "2300"]
[BlackElo "2312"]
[Result "1/2-1/2"]
[Date "2011.01.30"]

[Event "1.CLZ 10/11,Hradec Kralove-Praha Kobylisy"]
[Site "?"]
[Round "7.4"]
[Annotator ""]
[Source ""]
[Remark ""]

1.f4 d5 2.Nf3 c5 3.d3 Nc6 4.g3 Nf6 5.Bg2 g6 6.O-O Bg7 7.Qe1 O-O
8.c3 b6 9.Na3 Bb7 10.h3 d4 11.Bd2 Nd5 12.Nc4 e6 13.Rc1 Rc8 14.Qf2
Qe7 15.Nce5 dxc3 16.bxc3 Na5 17.c4 Nb4 18.a3 Nbc6 19.Rb1 Nxe5
20.Nxe5 Nc6 21.Bc3 Qc7 22.Qe3 Rcd8 23.Nxc6 Bxc3 24.Nxd8 Bd4 25.Qxd4
cxd4 26.Nxb7 Rb8 27.a4 Rxb7 28.Bxb7 Qxb7 29.a5 Qa6 30.axb6 axb6
31.Rb2 Qa5 32.Kf2 g5 33.Rb5 Qd2 34.Rxg5+ Kf8 35.Re5 Qb2 36.Rb5
Qd2 37.Re5 Qb2 38.g4 Ke7 39.g5 f6 40.gxf6+ Kxf6 41.Rg1 Qa3 42.h4
Qf8 43.Rgg5 h6 44.Rg1 Ke7 45.f5 Kd7 46.Rg6 exf5 47.Rxb6 f4 48.Rg6
f3 49.Re4 fxe2+ 50.Kxe2 Kc7 51.h5 Qa3 52.Rxd4 Qb2+ 53.Ke3 Qc1+
54.Ke2 Qb2+ 55.Ke3 Qc1+ 56.Kf3 Qf1+ 57.Ke4 Qe2+ 58.Kf5 Qxh5+
59.Kf6 Qf3+ 60.Kg7 h5 61.Rdd6 h4 62.d4 h3 63.Rdf6 Qe4 64.Rf7+
Kd8 65.Rf8+ Ke7 66.Rf7+ Ke8 67.Rf8+ Ke7 68.Rf7+ Ke8 69.Rf8+ 1/2-1/2

[White "Prymula, Roman"]
[Black "Kopta, Pavel"]
[WhiteElo "2280"]
[BlackElo "2287"]
[Result "0-1"]
[Date "2011.01.30"]

[Event "1.CLZ 10/11,Hradec Kralove-Praha Kobylisy"]
[Site "?"]
[Round "7.5"]
[Annotator ""]
[Source ""]
[Remark ""]

1.d4 Nf6 2.Bg5 Ne4 3.Bf4 d5 4.e3 Bf5 5.Bd3 e6 6.Qe2 Bd6 7.Nd2
O-O 8.O-O-O Nc6 9.g4 Bg6 10.Bxd6 Qxd6 11.f4 Nb4 12.Bxe4 Bxe4
13.Nxe4 dxe4 14.a3 Nd5 15.c4 Qc6 16.Kb1 Nb6 17.Rc1 a5 18.Qc2
f5 19.gxf5 exf5 20.Ne2 Qf6 21.h4 Kh8 22.Rh3 Rf7 23.Qb3 c5 24.d5
Nc8 25.Nc3 Nd6 26.a4 Ra6 27.Rg1 Ne8 28.Qb5 Qe7 29.h5 Rff6 30.Qb3
Rab6 31.Nb5 Rh6 32.Qc3 Qf7 33.Rg5 Rhf6 34.Qe5 h6 35.Rg2 Qd7 36.Rhg3
Rf7 37.Kc2 Kh7 38.Rg6 Rff6 39.d6 Rf7 40.Qxc5 Rc6 41.Qd4 Nf6 42.b3
b6 43.Qd1 Ng4 44.R2xg4 fxg4 45.Qxg4 Qxg4 46.Rxg4 Rc5 47.Rh4 g5
48.hxg6+ Kxg6 49.Kc3 Rh5 50.f5+ Rhxf5 51.Kd4 Rd7 52.Kxe4 h5 53.Rh1
Kf6 54.Rh4 Re5+ 55.Kd4 Ke6 56.e4 Rg5 57.Rh3 Rh7 58.Rh4 Rg4 59.Rh3
h4 60.b4 Rg3 61.Rh1 axb4 62.a5 bxa5 63.c5 Kd7 64.Rc1 b3 65.c6+
Ke6 66.c7 Rh8 67.Kc5 b2 68.Rf1 Rg5+ 69.Kc6 Rxb5 70.Kxb5 Kxd6
71.Kb6 a4 72.Rd1+ Ke7 73.Kc6 Rc8 0-1

[White "Dvorak, Jan"]
[Black "Vacek, Martin"]
[WhiteElo "2175"]
[BlackElo "2305"]
[Result "0-1"]
[Date "2011.01.30"]

[Event "1.CLZ 10/11,Hradec Kralove-Praha Kobylisy"]
[Site "?"]
[Round "7.6"]
[Annotator ""]
[Source ""]
[Remark ""]

1.c4 Nf6 2.Nc3 e5 3.Nf3 Nc6 4.g3 Nd4 5.Bg2 Nxf3+ 6.Bxf3 Bb4 7.d3
O-O 8.O-O c6 9.Qb3 Ba5 10.Ne4 Nxe4 11.dxe4 d6 12.Be3 Qe7 13.Rfd1
Be6 14.Qd3 Rfd8 15.Bg2 Qc7 16.Rac1 Bb6 17.Bd2 a5 18.b3 Bc5 19.e3
Ba3 20.Rc2 Qd7 21.Bc3 Bc5 22.Rcd2 f6 23.Bf1 g5 24.f4 Qg7 25.Kh1
g4 26.Bg2 h5 27.Re2 Rdb8 28.Qd2 b5 29.cxb5 cxb5 30.Qe1 b4 31.Ba1
a4 32.Rb2 Qa7 33.Qe2 axb3 34.f5 Bf7 35.axb3 Bxe3 36.Rbb1 Bg5
37.Rxd6 Rd8 38.Rdd1 Rxd1+ 39.Qxd1 Qb6 40.Bf1 Rd8 41.Qe1 Qe3 42.Qxe3
Bxe3 43.Bb5 Bxb3 44.Kg2 Bd1 45.Bc4+ Kg7 46.Bd5 Bf3+ 47.Kf1 Rc8 0-1

[White "Hala, Bohumil"]
[Black "Jancarik, Joel"]
[WhiteElo "2257"]
[BlackElo "2205"]
[Result "1-0"]
[Date "2011.01.30"]

[Event "1.CLZ 10/11,Hradec Kralove-Praha Kobylisy"]
[Site "?"]
[Round "7.7"]
[Annotator ""]
[Source ""]
[Remark ""]

1.d4 Nf6 2.Nf3 e6 3.c4 d5 4.Nc3 Bb4 5.cxd5 exd5 6.a3 Bxc3+ 7.bxc3
Ne4 8.c4 O-O 9.e3 Be6 10.Qc2 Nd7 11.Bd3 Ndf6 12.c5 c6 13.O-O
Re8 14.Bb2 Nd7 15.Ne1 f5 16.f3 Nef6 17.Bc3 b6 18.cxb6 axb6 19.Bd2
c5 20.Bxf5 Bxf5 21.Qxf5 Nb8 22.Nc2 Nc6 23.Bc3 Ra4 24.dxc5 bxc5
25.Rfd1 Rc4 26.Bxf6 gxf6 27.Rxd5 1-0

[White "Janda, Jiri"]
[Black "Doring, Robert"]
[WhiteElo "2221"]
[BlackElo "2187"]
[Result "1/2-1/2"]
[Date "2011.01.30"]

[Event "1.CLZ 10/11,Hradec Kralove-Praha Kobylisy"]
[Site "?"]
[Round "7.8"]
[Annotator ""]
[Source ""]
[Remark ""]

1.e4 e5 2.Nf3 Nc6 3.Bb5 a6 4.Ba4 Nf6 5.Qe2 b5 6.Bb3 Bc5 7.c3
d6 8.d3 O-O 9.Bg5 Re8 10.Nbd2 Rb8 11.Nf1 Ne7 12.Ng3 Ng6 13.Qd2
c6 14.Nh5 Bg4 15.Bxf6 gxf6 16.Qh6 Bxh5 17.Qxh5 d5 18.Nh4 1/2-1/2

[White "Hinks-Edwards, Thomas"]
[Black "Jirovsky, Milos"]
[WhiteElo "2383"]
[BlackElo "2475"]
[Result "1/2-1/2"]
[Date "2011.02.13"]